000
00218nam a22000857a 4500
008
160817b xxu||||| |||| 00| 0 eng d
100
_9
162
_a
Singh L
245
_a
Mathematics-6
260
_a
New Delhi
_b
Dhanpat publication
_c
2012
999
_c
2820
_d
2820